000 00562nam a22001937a 4500
003 OSt
005 20210215154953.0
008 210215b ||||| |||| 00| 0 eng d
020 _a9789386261847
040 _aPHNSL
_cPHNSL
100 _aClement, I.
245 _aNursing solved question papers for BSc nursing 1st year :
_b2010-2016 /
_cI. Clement
250 _a3rd ed.
260 _aNew Delhi :
_bJaypee,
_c2017.
300 _ax, 742 p. :
_bill.
500 _aAs per INC syllabus
650 _aNursing
_vQuestion papers
_xHandbook, manual etc.
942 _2lcc
_cBK
999 _c340
_d340